000 00488nam a22001817a 4500
005 20251108170744.0
008 250721s1992 xx 000 0 ara d
082 1 4 _a369.43/باو
100 1 _aباول، باد
245 1 0 _aدليل القائد /
264 1 _aالقاهرة :
_bمكتبة المعارف،
_c1992.
300 _a122ص
650 1 7 _aالكشافة
650 1 7 _aالطلاب
700 1 _aشقير، رشيد
_eترجمة
942 _2ddc
_cBK
999 _c48225
_d48225